000 004520000a22001570004500
020 _a0-7899-0352-0
041 0 _aSPA
090 _aAV 0026
245 1 0 _aEl librito de instrucciones de Dios para hombres / Grabriel Prada, Traductor
260 _aMiami, FL., USA : Unilit
300 _a157 Pag
500 _aTítulo original : God's little instruction book for men
650 1 4 _aHOMBRES - VIDA CRISTIANA \ MEDITACIONES
001 5839
942 _cBK
999 _c36197
_d36197